| 000 | 00876cam a22001814a 4500 | ||
|---|---|---|---|
| 005 | 20250605164405.0 | ||
| 008 | 250528s ||||||||||||||||||||||||d | ||
| 035 | _a24781 | ||
| 040 |
_aGR-AtMCL _bgre _dGR-AtMCL _eAACR2 |
||
| 245 | 1 | _aΑειφορία στην Εφοδιαστική Αλυσίδα / Πώς Προσαρμοζόμαστε στην Οδηγία Fit For 55 | |
| 260 |
_bParametros Group, _c2023 |
||
| 300 | _a96 | ||
| 520 | _aΕδραιώνει 'Παρατηρητηριο Μεταφορών Logistics' το Έργο Fenix στην Ελλάδα, Οι Προτεριότητες του Νέου Δ.Σ. της EEL μέσα από Αποκλειστικές Δηλώσεις του Προέδρου και των Μέλων Δ.Σ. | ||
| 700 | 1 |
_aΔημητριάδης Θεόδωρος _99489 |
|
| 942 | _cCR | ||
| 999 |
_c9632 _d9632 |
||